1850 1121 1653 1903 1213 1657 1344 1223 1219 1160 1348 1359 1673 1200 1754 1796 1239 1049 1146 1763 1952 1011 1264 1132 1947 1571 1497 1387 1738 1874 1875 1095 1587 1006 1096 1093 1189 1344 1340 1938 1768 1583 1439 1436 1557 1669 1979 1546 1908 1300 1322 1052 1500 1966 1873 1127 1411 1907 1680 1027 1651 1670 1459 1196 1769 1371 1891 1603 1820 1231 1470 1333 1069 1732 1581 1987 1455 1863 1872 1281 1556 1731 1075 1838 1901 1588 1427 1253 1160 1246 1745 1975 1889 1112 1896 1400 1045 1898 1465 BCNSPRNW ULIB Ver.6.0+V

เปลี่ยนเป็นภาษาไทย

Change to English
 แสดงรายละเอียดบรรณานุกรม
  กลับหน้าหลัก

Brief Record : Get Marc (ISO 2709) : E-mail record : QR code < ปิดหน้าต่าง
LEADER : 00000nam 2200000uu 4500
001    13399127978
003     ULIB
008    211124s2563||||th 000 0 tha d
020    ^a9786165683678
060  0 ^aWA290^bค774ก
100 0  ^aเกศินี สราญฤทธิชัย
245 1  ^aความรอบรู้ด้านสุขภาพ: แนวคิดและการประยุกต์ใช้ =^bHealth literacy: concepts, theories and applications /^cเกศินี สราญฤทธิชัย
250    ^aพิมพ์ครั้งที่ 1
260    ^aขอนแก่น :^bสาขาวิชาการบริหารสาธารณสุข การส่งเสริมสุขภาพ โภชนาการ คณะสาธารณสุขศาสตร์ มหาวิทยาลัยขอนแก่น,^c2563.
300    ^aก-ฑ, 208 หน้า :^bภาพประกอบ
505 2   ^aบทที่ 1.^tแนวคิดรอบรู้ด้านสุขภาพ -- บทที่ 2.^tแนวคิดและทฤษำที่เกี่ยวข้องกับรอบรู้ด้านสุขภาพ -- บทที่ 3.^tรูปแบบความสัมพันธ์ของความรอบรู้ด้านสุขภาพ -- บทที่ 4.^tการวัดและการประเมินความรอบรู้ด้านสุขภาพ -- บทที่ 5.^tกลยุทธ์และแนวทางการพัฒนาความรอบรู้ด้านสุขภาพ -- บทที่ 6.^tการประยุกต์ใช้ความรอบรู้ด้านสุขภาพในการพัฒนาสุขภาพ.
650    ^aความรอบรู้ทางสุขภาพ
650    ^aความรอบรู้ทางสุขภาพ^xการประเมิน
650    ^aสุขภาพ
945    ^p250^l0^i29145
945    ^p250^l0^i29146
999    ^aกัณชพร จุลอักษร
รายการนี้ยังไม่มีแท็ก
คุณยังไม่ได้ล็อกอิน คุณสามารถมีกิจกรรมร่วมกับเว็บไซต์ได้ แต่ต้องล็อกอินก่อน ::
  ล็อกอิน

รายการสื่อสารสนเทศ

ลำดับที่ ประเภท เลขเรียก/บาร์โค้ด สถานที่ สถานะ
1. หนังสือสำรอง
หนังสือสำรอง
WA290 ค774ก ฉ.1 
  Barcode: 29145
ห้องสมุดวิทยาเขตนครสวรรค์
►หนังสือทั่วไป:l:General Books
บนชั้น
2. วิทยาศาสตร์การแพทย์ และสุขภาพ
วิทยาศาสตร์การแพทย์ และสุขภาพ
WA290 ค774ก ฉ.2 
  Barcode: 29146
ห้องสมุดวิทยาเขตนครสวรรค์
►หนังสือทั่วไป:l:General Books
บนชั้น

รายการใกล้เคียง
    ผู้แต่ง [เกศินี สราญฤทธิชัย]

    หัวเรื่อง [ความรอบรู้ทางสุขภาพ]
    หัวเรื่อง [สุขภาพ]

BibComment


ยังไม่เคยถูกคอมเมนท์

คอมเมนท์ทรัพยากรรายการนี้
  คอมเมนท์: ความรอบรู้ด้านสุ..


 Copyright 2026. Bcnsprnw @Library